Word Ladder: 2007 Action Movie Sequel Quiz Stats

 Plays Quiz Updated Jun 16, 2017

Support Sporcle.
Go Orange.
Score 0/22 Timer 04:00
0 Plays Today
Clue 4-Letter Word % Correct
Clichéd saying: 'Draw a ___ in the sand'LINE
96.4%
Tightly-closed handFIST
94.9%
● 2007 Bruce Willis movie: '[1] [13] or Die ___' ● ●HARD●
94.3%
Ash or oak, e.g.TREE
94.3%
Three in SpanishTRES
94.1%
● 2007 Bruce Willis movie: '___ [13] or Die [22]' ●●LIVE●
94.1%
Another cliché: 'You could ___ a pin drop.'HEAR
94.1%
Group of cattleHERD
93.2%
Italian automakerFIAT
93%
Rend or ripTEAR
91.9%
Without accompanimentLONE
91.6%
Clue 4-Letter Word % Correct
Fine drops of waterMIST
91.5%
Place to produce coinsMINT
91.4%
Male college org.FRAT
90.9%
● 2007 Bruce Willis movie: '[1] ___ or Die [22]' ●●FREE●
90.5%
Chinese dynasty (1368-1644)MING
90.2%
WorryFRET
89.9%
PateHEAD
86.3%
Oolong and Darjeeling, for exampleTEAS
85.9%
● Justin ___ plays Matt Farrell ●●LONG●
80.6%
River in northern EnglandTEES
80%
Fish related to codLING
79%

Today's Daily Dose

Word Ladder
New Dimensions!

Quick Pick
'Animal' Fish

Get the Picture
Bird or Food?

You're not logged in!

Compare scores with friends on all Sporcle quizzes.
OR
Log In
Forgot?

From the Vault

Birth Country Match II

by RHLI

If you thought historical figures were delivered by a stork, boy, do we have some news for you.
Remove Ads.
Support Sporcle.
Get the best of Sporcle when you Go Orange. This ad-free experience offers more features, more stats, and more fun while also helping to support Sporcle. Thank you for becoming a member.

Show Comments

Extras

Top Quizzes Today


Score Distribution

Your Account Isn't Verified!

In order to create a playlist on Sporcle, you need to verify the email address you used during registration. Go to your Sporcle Settings to finish the process.

Report this User

Report this user for behavior that violates our Community Guidelines.

Details: